00669nam a22002057a 4500008004100000020001500041040001800056041000800074060001800082100003200100245007600132260006100208300001800269490004200287650001800329650002300347650003000370700003100400700003200431130821s2000 sp gr spa  a8480130547 aCo-BoUCMbspa00aspa aQT 260bG215p aGarcía Manso, Juan Manuel00aPlanificación del entrenamiento deportivocJuan Manuel garcía Manso aMadrid (España)bGymnos Editorialc[fecha desconocida] a169 páginas a[Colección Entrenamiento Deportivo]04aEntrenamiento04aMedicina deportiva04aPlanificación deportiva aNavarro Valdivieso, Manuel aRuíz Caballero, José A.